Complejo militar norteamericano. Universidad para la guerra /

Furkejuvvon:
Bibliográfalaš dieđut
Váldodahkki: Campos, Andrés
Materiálatiipa: Texto
Fáttát:
Fáddágilkorat: Lasit fáddágilkoriid
Eai fáddágilkorat, Lasit vuosttaš fáddágilkora!

MARC

LEADER 00000 a a2200000 04500
001 1562
003
040
100 |a Campos, Andrés  
245 |a Complejo militar norteamericano. Universidad para la guerra /  |c Andrés Campos 
650 |a MILITARISMO  
650 |a FINANCIAMIENTO  
650 |a ESTADOS UNIDOS  
773 |g número 14 -15; páginas 24-29  
999 |c 27595  |d 27595